Compendio de normas municipales
Gespeichert in:
| 1. Verfasser: | |
|---|---|
| Format: | Unbekannt |
| Veröffentlicht: |
Santiago, Chile:
Thomson Reuters,
2023
|
| Ausgabe: | 1ª edición. |
| Schlagworte: | |
| Tags: |
Tag hinzufügen
Keine Tags, Fügen Sie den ersten Tag hinzu!
|
MARC
| LEADER | 00000 a2200000 4500 | ||
|---|---|---|---|
| 003 | CL-VaPUC | ||
| 005 | 20240719112454.0 | ||
| 008 | 230921t2023|||| |||| 00| 0 eng d | ||
| 999 | |c 441812 |d 441810 | ||
| 020 | |a 978-956-400-378-8 | ||
| 040 | |c Pontificia Universidad Católica de Valparaíso | ||
| 082 | 0 | 4 | |2 21 |a 342.02 BAR 2023 |
| 100 | |a Barrera Miranda, Verónica |e editora |9 884668 | ||
| 245 | 1 | 0 | |a Compendio de normas municipales |
| 250 | |a 1ª edición. | ||
| 260 | |a Santiago, Chile: |b Thomson Reuters, |c 2023 | ||
| 300 | |a 909 páginas | ||
| 583 | |k GC |c 20230921 | ||
| 650 | 0 | |a Municipios |9 603179 |v Decretos |z Chile | |
| 650 | 0 | |a Municipios |9 603179 |v Leyes |z Chile | |
| 942 | |2 ddc |c BK | ||
| 952 | |0 0 |1 0 |2 ddc |4 0 |6 342_020000000000000_BAR_2023 |7 0 |8 A |9 591605 |a BIBDER |b BIBDER |c GEN |d 2023-09-20 |e 31 |g 0.00 |i 5658727 |o 342.02 BAR 2023 |p 5658727 |r 2023-09-20 |t 1 |v 0.00 |w 2023-09-20 |y BK |k DER | ||